Top 15 countries with the most Indian immigrants - Statistics

General Stats
  • This quiz has been taken 22 times
  • The average score is 2 of 15
Answer Stats
Hint Answer % Correct
5,7 M USA
63%
2,6 M Saudi Arabia
44%
3,9 M UAE
19%
1,8 M Canada
13%
699k Qatar
13%
1,5 M South Africa
13%
600k Australia
6%
3 M Malaysia
6%
700k Oman
6%
1,9 M UK
6%
300k Guyana
0%
1 M Kuwait
0%
900k Mauritius
0%
2 M Myanmar
0%
650k Singapore
0%
No matching quizzes found
Score Distribution
Percent of People with Each Score
Percentile by Number Answered
Your Score History
You have not taken this quiz